Statistiques concernant Personnalité de la Rome Antique par clichés

Cliquez ici pour prendre le quiz!

Statistiques générales

  • Ce quiz a été pris 201 fois
  • Le résultat moyen est 10 sur 16

Statistiques - réponses

Réponse% Correct
Jules César
99%
Romulus et Rémus
92%
Auguste
91%
Néron
88%
Caligula
79%
Brutus
73%
Marc Aurèle
65%
Cicéron
64%
Marc-Antoine
58%
Scipion l'Africain
57%
Tibère
52%
Claude
47%
Constantin Ier
47%
Trajan
45%
Sénèque
36%
Sylla
32%

Distribution des résultats

Percentile par nombre de réponses

% des personnes avec chaque résultat

Votre développement - résultats

Vous n’avez pas pris ce quiz